[Event "13th I.Stepichev Mem"]
[Site "Kyiv UKR"]
[Date "2006.01.13"]
[Round "6"]
[White "Nikolaev,L"]
[Black "Grinev,V"]
[Result "1/2-1/2"]
[WhiteElo "2314"]
[BlackElo "2258"]

1.Nf3 Nf6 2.c4 g6 3.d4 Bg7 4.g3 O-O 5.Bg2 d6 6.O-O Nbd7 7.Qc2 e5 8.Rd1 exd4
9.Nxd4 Re8 10.Nc3 c6 11.Bf4 Qe7 12.Nxc6 bxc6 13.Bxc6 Rb8 14.Bxd6 Qe6 15.Bg2 Qxc4
16.Bxb8 Nxb8 17.Rac1 Be6 18.b3 Qa6 19.Nd5 Nxd5 20.Bxd5 Bg4 21.Qc4 Qxc4 22.Rxc4 h5
23.Rc7 Rxe2 24.Rxf7 Kh7 25.Rxa7 Kh6 26.h3 Bxh3 27.Bf3 Re6 28.Rc7 Rf6 29.Bg2 Bg4
30.Rd8 Na6 31.Re7 Bf8 32.Ree8 Bc5 33.Rh8+ Kg7 34.Rdg8+ Kf7 35.Bd5+ Ke7 36.Rh7+ Kd6
37.Rd8+ Ke5 38.Bc4 Bxf2+ 39.Kg2 Bc5 40.Rd2  1/2-1/2

[Event "Open A"]
[Site "Prague CZE"]
[Date "2006.01.14"]
[Round "2"]
[White "Horyna,J"]
[Black "Katajainen,K"]
[Result "1-0"]
[WhiteElo "1926"]
[BlackElo "2049"]

1.d4 Nf6 2.c4 g6 3.Nf3 Bg7 4.g3 d6 5.Bg2 O-O 6.O-O c6 7.Nc3 Nbd7 8.e4 c5
9.d5 Ng4 10.Qc2 Nde5 11.Nxe5 Nxe5 12.b3 f5 13.f4 Ng4 14.h3 Bd4+ 15.Kh1 Ne3
16.Bxe3 Bxe3 17.Rae1 Bd4 18.e5 g5 19.e6 g4 20.hxg4 fxg4 21.Be4 Rf6 22.Re2 Qf8
23.Rh2 Rh6 24.Nb5 Bf6 25.Bxh7+ Kh8 26.Bd3 a6 27.Na3 b5 28.Rf2 Bg7 29.Rxh6+ Bxh6
30.cxb5 Bb7 31.Be4 Kg8 32.Rh2 Qf6 33.bxa6 Rxa6 34.Nc4 Bg7 35.a4 Ra8 36.Nb6 Ra6
37.Bh7+ Kh8 38.Bg6+ Kg8 39.Bf7+  1-0

[Event "4th Parsvnath Open"]
[Site "New Delhi IND"]
[Date "2006.01.15"]
[Round "1"]
[White "Sannidhya,N"]
[Black "Fedorov,Alex"]
[Result "0-1"]
[WhiteElo "2045"]
[BlackElo "2608"]

1.c4 g6 2.g3 Bg7 3.Bg2 d6 4.Nf3 Nf6 5.d4 O-O 6.O-O Nc6 7.Nc3 a6 8.b3 Rb8
9.a4 a5 10.Re1 Bd7 11.Ba3 Re8 12.e4 Bg4 13.Nb5 Nb4 14.h3 Bxf3 15.Bxf3 c6
16.Nc3 Qb6 17.Na2 Nd7 18.Nxb4 axb4 19.Bb2 c5 20.dxc5 Qxc5 21.Bxg7 Kxg7 22.Qd5 Ne5
23.Bg2 Nc6 24.Rad1 b6 25.Re3 e5 26.Rf3 Re6 27.h4 Nd4 28.Rfd3 Qxd5 29.cxd5 Re7
30.Rxd4 exd4 31.Rxd4 b5 32.Rxb4 Reb7 33.f3 bxa4 34.Rxb7 Rxb7 35.bxa4 Ra7
36.g4 f5 37.gxf5 gxf5 38.Kh2 fxe4 39.fxe4 Kf6 40.Kg3 Ke5 41.h5 Rxa4 42.Bf3 h6
43.Kg4 Ra8 44.Kg3 Rg8+ 45.Kf2 Kf4 46.Bh1 Ra8  0-1

[Event "13th I.Stepichev Mem"]
[Site "Kyiv UKR"]
[Date "2006.01.17"]
[Round "11"]
[White "Baryshpolets,A"]
[Black "Kernazhitsky,L"]
[Result "1/2-1/2"]
[WhiteElo "2218"]
[BlackElo "2355"]

1.Nf3 Nf6 2.c4 g6 3.d4 Bg7 4.g3 d6 5.Bg2 O-O 6.O-O Nc6 7.d5 Na5 8.Nfd2 c5
9.Nc3 a6 10.Qc2 Rb8 11.b3 b5 12.Bb2 bxc4 13.bxc4 Bh6 14.f4 e5 15.dxe6 Bxe6
16.Nd5 Bg7 17.Bc3 Bd7 18.Rab1 Rxb1 19.Rxb1 Nc6 20.Qb2 Nd4 21.Nxf6+ Qxf6 22.Ne4 Qe7
23.e3 Bf5 24.exd4 Bxe4 25.Re1 f5 26.dxc5 Bxc3 27.Qxc3 dxc5 28.Bxe4 fxe4 29.Qe5 Qxe5
30.fxe5 Rb8 31.Kf2 Kf7 32.Ke3 Ke6 33.Kxe4 Rb2 34.Rd1 Re2+ 35.Kf4 Rxe5 36.Rd8 Rf5+
37.Ke3 Re5+ 38.Kd3 Ke7 39.Ra8 Rh5 40.Ra7+ Kd8 41.h4 g5 42.hxg5 Rxg5 43.Rxa6 Rxg3+
44.Ke4 h5 45.Rh6 Rg5 46.a4 Kc7 47.a5 Kb7 48.Rf6 Ka7 49.a6 Rg4+ 50.Kd5 Rg5+
51.Ke4  1/2-1/2

[Event "Classic"]
[Site "Queenstown NZL"]
[Date "2006.01.17"]
[Round "3"]
[White "Froehlich,P"]
[Black "Dougherty,M"]
[Result "1-0"]
[WhiteElo "2360"]
[BlackElo "2212"]

1.d4 Nf6 2.c4 g6 3.g3 Bg7 4.Bg2 d6 5.Nf3 O-O 6.O-O c6 7.Nc3 Qa5 8.e4 Nbd7
9.Re1 e5 10.h3 exd4 11.Nxd4 Ne5 12.Bf1 Nh5 13.Nb3 Qc7 14.g4 f5 15.exf5 Bxf5
16.gxf5 Rxf5 17.Nd4 Raf8 18.Nxf5 Rxf5 19.Bg2 Nxc4 20.Qe2 d5 21.Qe6+ Qf7 22.Qxf7+ Kxf7
23.Rd1 b5 24.Rb1 a5 25.a4 Bxc3 26.bxc3 bxa4 27.Bf1 Ne5 28.Be2 Nf3+ 29.Bxf3 Rxf3
30.Be3 Nf4 31.Bxf4 Rxf4 32.Rd4  1-0

[Event "Winter Cup"]
[Site "Bucharest ROM"]
[Date "2006.01.18"]
[Round "5"]
[White "Ardelean,G"]
[Black "Golubev,M"]
[Result "0-1"]
[WhiteElo "2442"]
[BlackElo "2517"]

1.d4 Nf6 2.c4 g6 3.Nf3 Bg7 4.g3 O-O 5.Bg2 d6 6.O-O Nbd7 7.Qc2 e5 8.Rd1 Re8
9.dxe5 dxe5 10.e4 c6 11.h3 Qb6 12.Be3 Nc5 13.Nc3 Qb4 14.Bf1 Bf8 15.Kh2 Nfd7
16.a3 Qb3 17.Qb1 a5 18.Rxd7 Bxd7 19.Nd2 Qb6 20.Na4 Nxa4 21.Bxb6 Nxb6 22.Qc2 Be6
23.Rd1 a4 24.Nf3 Nd7 25.h4 Nf6 26.Nxe5 Ra5 27.Nf3 Bg4 28.Qc3 Bxf3 29.Qxf3 Nxe4
30.Bh3 Nc5 31.h5 Raa8 32.Bg2 Re5 33.g4 Rae8 34.Rd2 Bh6 35.Rd6 Bg5 36.Bf1 Re4
37.hxg6 fxg6 38.Kg3 Re1 39.Rd1 R1e7 40.Qg2 Rf8 41.Kh2 Ref7 42.Kg1 Bh4 43.Rd2 Bxf2+
44.Rxf2 Rxf2 45.Qxf2 Rxf2 46.Kxf2 Kf7 47.Ke3 Ke6 48.Kd4 Kd6 49.Kc3 h5 50.gxh5 gxh5
51.Kb4 h4 52.Ka5 Kc7 53.Kb4 b6 54.Kc3 Kd6 55.Bg2 Na6 56.Kd4 Nc7 57.c5+ bxc5+
58.Kc4 Nd5 59.Bh3 Nf4 60.Bg4 h3 61.b3 h2 62.Bf3 axb3 63.Kxb3 Nd3 64.a4 c4+
65.Kc3 Kc5 66.a5 Nb4  0-1

[Event "Jovenes Promesas"]
[Site "Malaga ESP"]
[Date "2006.01.19"]
[Round "2"]
[White "Alonso,Re"]
[Black "Naranjo Moreno,A"]
[Result "1/2-1/2"]
[WhiteElo "2392"]
[BlackElo "2132"]

1.d4 Nf6 2.Nf3 g6 3.c4 Bg7 4.g3 O-O 5.Bg2 d6 6.O-O Nc6 7.Nc3 a6 8.d5 Na5
9.b3 c5 10.dxc6 Nxc6 11.Bb2 Bd7 12.Ne1 Rc8 13.Nc2 Qa5 14.Nd5 Nxd5 15.Bxg7 Nc3
16.Bxc3 Qxc3 17.Ne3 Be6 18.Rc1 Qa5 19.Qc2 b5 20.Qb2 Qb6 21.cxb5 axb5 22.Bxc6 Rxc6
23.Rxc6 Qxc6 24.Rc1 Qb7 25.Qd2 Ra8 26.Rc2 Ra7 27.h4 f6 28.Qb4 Bf7 29.Qg4 Qd7
30.Rc8+ Kg7 31.Qxd7 Rxd7 32.Nc2 Rb7 33.Nb4 Be6 34.Rd8 Kf7 35.f3 Rc7 36.Kf2 Bd7
37.Ke3 Be8 38.Kd2 Rc5 39.Nd3 Rc7 40.Ra8 Rb7 41.a4 bxa4 42.bxa4 Rb1 43.a5 Ra1
44.Nb4 Bb5 45.a6 Ra4 46.a7 Rxb4 47.Rf8+ Kxf8 48.a8=Q+ Be8 49.g4 h5 50.Qc8 Rb5
51.Ke3 Rb3+ 52.Kf2 Rb5 53.gxh5 Rxh5 54.Kg3 Rc5 55.Qb8 Kf7 56.Qb3+ Kf8 57.Qe3 Rh5
58.Qa3 Rc5 59.Qa1 Kf7 60.Qa2+ Kf8 61.Qd2 Rh5 62.Qb2 Rc5 63.Qb7 Rb5 64.Qa7 Rc5
65.e4 Kf7 66.Qa2+ Kf8 67.Qd2 Rh5 68.f4 Bf7 69.Qb2 Rc5 70.Qb8+ Be8 71.Qb4 Bf7
72.Qd2 Rh5 73.Qd3 Rc5 74.Qd2 Rh5 75.Qd3 Rc5 76.Qd2  1/2-1/2

[Event "Classic"]
[Site "Queenstown NZL"]
[Date "2006.01.19"]
[Round "5"]
[White "Froehlich,P"]
[Black "Berezina,I"]
[Result "1/2-1/2"]
[WhiteElo "2360"]
[BlackElo "2285"]

1.d4 Nf6 2.Nf3 g6 3.g3 Bg7 4.c4 d6 5.Bg2 O-O 6.O-O Nc6 7.d5 Na5 8.Nfd2 c5
9.a3 b5 10.cxb5 Bd7 11.b4 Nb7 12.Qb3 cxb4 13.axb4 Bxb5 14.Nc3 Qb6 15.Bb2 Rfc8
16.Nxb5 Qxb5 17.Bf3 Nd7 18.Bxg7 Kxg7 19.Rfc1 Rxc1+ 20.Rxc1 a5 21.bxa5 Qxb3
22.Nxb3 Ndc5 23.Nxc5 Nxc5 24.Ra1 Nb3 25.Ra3 Nxa5 26.e3 Ra7 27.Be2 Nc6 28.Rxa7 Nxa7
29.e4 Nc8 30.f3 Nb6 31.Bb5  1/2-1/2

[Event "TCh-BEL 2005-6"]
[Site "Belgium BEL"]
[Date "2006.01.21"]
[Round "7"]
[White "Schulz,KJ"]
[Black "Geenen,M"]
[Result "1/2-1/2"]
[WhiteElo "2397"]
[BlackElo "2343"]

1.d4 Nf6 2.Nf3 g6 3.c4 Bg7 4.g3 O-O 5.Bg2 d6 6.O-O Nbd7 7.Nc3 e5 8.Qc2 Re8
9.Rd1 e4 10.Ng5 e3 11.f3 d5 12.cxd5 Nb6 13.Qb3 Nfxd5 14.f4 c6 15.a4 a5 16.Nxd5 Nxd5
17.Bxd5 cxd5 18.Bxe3 Ra6 19.Nf3 Rb6 20.Qc3 Rc6 21.Qb3 Rb6  1/2-1/2

[Event "Jovenes Promesas"]
[Site "Malaga ESP"]
[Date "2006.01.21"]
[Round "7"]
[White "Alonso,Re"]
[Black "Fernandez Siles,L"]
[Result "0-1"]
[WhiteElo "2392"]
[BlackElo "2291"]

1.d4 Nf6 2.Nf3 g6 3.c4 Bg7 4.g3 O-O 5.Bg2 d6 6.O-O Nc6 7.Nc3 a6 8.d5 Na5
9.b3 c5 10.dxc6 Nxc6 11.Bb2 Ne4 12.Qc1 Bf5 13.Nd5 Bxb2 14.Qxb2 Nc5 15.Nd4 Bd7
16.Rfd1 Ne6 17.Nc2 b5 18.Nce3 bxc4 19.Nxc4 f6 20.Rac1 Ra7 21.Qd2 Ne5 22.Qe3 Ra8
23.Ndb6 Rb8 24.Nxd7 Qxd7 25.Nxe5 fxe5 26.Qxe5 Ng7 27.Qa5 Qa7 28.e3 Rb5 29.Qc7 Qxc7
30.Rxc7 Re5 31.Rd5 Rff5 32.Rd2 Ne8 33.Rc8 Rf8 34.Bd5+ Kg7 35.f4 Rxe3 36.Kf2 Nf6
37.Rc7 Re5 38.Bf3 Re6 39.Re2 Kf7 40.Ra7 Rc8 41.Rxa6 Rxe2+ 42.Kxe2 Rc2+ 43.Kd3 Rxh2
44.b4 Rh3 45.a4 Rxg3 46.Ke2 h5 47.a5 e5 48.fxe5 dxe5 49.Kf2 h4 50.Ra7+ Ke6
51.Ra6+ Kf5 52.Rxf6+ Kxf6 53.a6 e4 54.Bxe4 Ra3 55.Bb7 g5 56.b5 g4 57.b6 g3+
58.Kf1 h3 59.a7 Ra1+ 60.Ke2 g2 61.Bxg2 hxg2 62.b7 g1=Q 63.a8=Q Qg2+  0-1

[Event "2nd Armenian Clubs"]
[Site "Yerevan ARM"]
[Date "2006.01.21"]
[Round "4"]
[White "Vaganian,R"]
[Black "Haroutjunian,D"]
[Result "1-0"]
[WhiteElo "2597"]
[BlackElo "2310"]

1.Nf3 Nf6 2.c4 g6 3.g3 Bg7 4.d4 d6 5.Bg2 O-O 6.Nc3 Nc6 7.O-O e5 8.d5 Ne7
9.e4 c5 10.Ne1 Ne8 11.Nd3 f5 12.Rb1 Nf6 13.b4 cxb4 14.Rxb4 b6 15.f3 Rf7 16.a4 h6
17.a5 bxa5 18.Rb1 Nd7 19.Ba3 Nb6 20.Qb3 Ba6 21.Nb5 Nxc4 22.Qxc4 fxe4 23.fxe4 Qb6+
24.Bc5 Rxf1+ 25.Bxf1 Rc8 26.Bxb6 Rxc4 27.Nxd6 Rc3 28.Bxa5 Ra3 29.Bd8  1-0

[Event "4th Parsvnath Open"]
[Site "New Delhi IND"]
[Date "2006.01.22"]
[Round "10"]
[White "Sriram,J"]
[Black "Sandipan,C"]
[Result "1/2-1/2"]
[WhiteElo "2444"]
[BlackElo "2522"]

1.d4 Nf6 2.c4 g6 3.g3 Bg7 4.Bg2 O-O 5.Nf3 d6 6.O-O c6 7.Nc3 Qb6 8.e3 Qb4
9.Nd2 e5 10.d5 cxd5 11.cxd5 Bg4 12.Qb3 Na6 13.Qxb4 Nxb4 14.Nc4 Ne8 15.Bd2 Bd7
16.a3 Nd3 17.Ne4 f5 18.Nexd6 b5 19.Nxe8 Rfxe8 20.Nd6 Reb8 21.Ba5 Bf8 22.Bc7 Rb6
23.Bxb6 axb6 24.Rfd1 e4 25.Nb7 Rb8 26.Rxd3 exd3 27.d6 Bg7 28.Rd1 Bxb2 29.Rxd3 Rc8
30.Bd5+ Kg7 31.Be6 Bxe6 32.d7 Bxd7 33.Rxd7+ Kg8 34.Nd6 Rc1+ 35.Kg2 Bxa3 36.Rd8+ Kg7
37.Rd7+ Kg8 38.Rd8+ Kg7 39.Rd7+  1/2-1/2

[Event "Classic"]
[Site "Queenstown NZL"]
[Date "2006.01.22"]
[Round "8"]
[White "Armstrong,M"]
[Black "Selnes,H"]
[Result "1/2-1/2"]
[WhiteElo "2129"]
[BlackElo "1953"]

1.d4 Nf6 2.Nf3 g6 3.g3 Bg7 4.Bg2 O-O 5.c4 d6 6.Nc3 Nc6 7.O-O Bg4 8.h3 Bxf3
9.Bxf3 Nd7 10.e3 e5 11.d5 Ne7 12.e4 f5 13.Bg5 f4 14.Bg4 Bf6 15.Bh6 Bg7 16.Bg5 Bf6
17.Bh6 Bg7 18.Be6+ Kh8 19.Bg5 Bf6 20.Qg4 Bxg5 21.Qxg5 Nc5 22.Bg4 Kg7 23.Bd1 h6
24.Qg4 a5 25.Bc2 Ng8 26.Qe2 Qg5 27.Kh2 Nf6 28.h4 fxg3+ 29.fxg3 Qg4 30.Rae1 Qxe2+
31.Rxe2 Ng4+ 32.Kg2 Rxf1 33.Kxf1 Rf8+ 34.Kg2 Rf7 35.b3 g5 36.hxg5 hxg5 37.a3 Rf8
38.Nb5 Rf7 39.Nc3 Rf8 40.Nb5 Rf7  1/2-1/2

[Event "Winter Open"]
[Site "Belgrade SCG"]
[Date "2006.01.26"]
[Round "6"]
[White "Skare,G"]
[Black "Stojanovic,Sa1"]
[Result "1/2-1/2"]
[WhiteElo "2303"]
[BlackElo "2108"]

1.d4 d6 2.c4 Nf6 3.Nf3 g6 4.g3 Bg7 5.Bg2 O-O 6.O-O Nbd7 7.Nc3 e5 8.e4 c6
9.h3 Qa5 10.d5 cxd5 11.cxd5 b5 12.Nd2 Nc5 13.Nb3 Nxb3 14.Qxb3 b4 15.Nd1 Nd7
16.Bd2 Rb8 17.Ne3 Nc5 18.Qc2 f5 19.exf5 gxf5 20.f4 e4 21.g4 fxg4 22.hxg4 Ba6
23.Nc4 Bd4+ 24.Kh2 Qd8 25.Kg3 b3 26.axb3 Rxb3+ 27.Qxb3 Nxb3 28.Rxa6 Nxd2
29.Nxd2 e3 30.Ne4 Qb8 31.Bf3 Qxb2 32.Rxd6 a5 33.Re6 a4 34.d6 a3 35.d7 a2
36.Re8 Bb6 37.Ng5 Qb5 38.Ra1 Qxd7 39.Rxf8+ Kxf8 40.Rxa2 Bc7 41.Re2 h6 42.Nh3 Qd4
43.Rc2 Bd6 44.Ra2 Kg7 45.Rc2 Bb4 46.Re2 Be7 47.Rc2 Qa1 48.Re2 Qc1 49.Be4 Bb4
50.Kg2 Bd2 51.Ba8 Be1 52.Bf3 Bh4 53.Be4 Kf6 54.Ng1 Qd1 55.Bf3 Qd4 56.Nh3 Qd3
57.Rb2 Ke7 58.Re2 Kd6 59.Rb2 Kc5 60.Re2 Kb4 61.Rb2+ Kc3 62.Re2 Kb3 63.Ng1 Be7
64.Nh3 Bd6 65.Kg3 Kc3 66.Ra2 Qb1 67.Re2 Kd4 68.Kg2 Kd3 69.Kg3 Qf1 70.Ra2 Qe1+
71.Kg2 Bb4 72.Re2 Qh4 73.Kh2 Be1 74.Rg2 Bb4 75.Re2 Bd6 76.Kg2 h5 77.gxh5 Bxf4
78.Nxf4+ Qxf4 79.Re1 Qg5+ 80.Kh3 Qf4 81.Kg2 Qh4 82.Re2 Qg5+ 83.Kh3 Qg1 84.Rg2 Qh1+
85.Kg3 Kd4 86.Rh2 Qe1+ 87.Kf4 Qc1 88.Kg3 Qc7+ 89.Kg2 Qg7+ 90.Kh3  1/2-1/2

[Event "14th FAJR Open"]
[Site "Tehran IRI"]
[Date "2006.01.29"]
[Round "7"]
[White "Vakhidov,T"]
[Black "Babaev,Ra"]
[Result "1/2-1/2"]
[WhiteElo "2530"]
[BlackElo "2473"]

1.d4 Nf6 2.Nf3 g6 3.c4 Bg7 4.g3 O-O 5.Bg2 d6 6.O-O Nc6 7.Nc3 Bg4 8.d5 Na5
9.b3 c5 10.dxc6 bxc6 11.Bd2 Rc8 12.Rc1 c5 13.h3 Bd7 14.Nd5 Nc6 15.Bc3 Nxd5
16.Qxd5 Bxc3 17.Rxc3 Qa5 18.Qd2 Rfd8 19.Rd1 Be6 20.Rcc1 Qxd2  1/2-1/2

[Event "ch-Kyiv"]
[Site "Kyiv UKR"]
[Date "2006.01.30"]
[Round "8"]
[White "Matorin,E"]
[Black "Solomaha,A"]
[Result "0-1"]
[WhiteElo "2294"]
[BlackElo "2379"]

1.Nf3 Nf6 2.c4 g6 3.g3 Bg7 4.Bg2 d6 5.d4 O-O 6.O-O Nbd7 7.Nc3 e5 8.h3 c6
9.Qc2 Re8 10.dxe5 dxe5 11.Rd1 Qe7 12.Be3 Nc5 13.Nh4 a5 14.a3 Nfd7 15.b3 f5
16.Nf3 Ne6 17.Rab1 Qxa3 18.g4 Qf8 19.gxf5 gxf5 20.Kh2 e4 21.Ng5 Ne5 22.Nxe6 Bxe6
23.Na4 Qf7 24.Nc5 f4 25.Bd4 f3 26.Bf1 Qf4+ 27.Kh1 fxe2 28.Bxe2 Nf3 29.Bxf3 Qxf3+
30.Kh2 Bxd4 31.Rxd4 Qxh3+ 32.Kg1 Kf7 33.Nxe4 Rg8+ 34.Ng3 Bf5 35.Qd1 Rxg3+
36.fxg3 Rg8 37.g4 Bxg4 38.Qf1+ Bf5+ 39.Kf2 Qh2+ 40.Kf3 Rg3+ 41.Kf4 Qh4+ 42.Ke5 Qe7+
43.Kxf5 Qe6+ 44.Kf4 Qe3+  0-1

[Event "TCh-BEL 2005-6"]
[Site "Belgium BEL"]
[Date "2006.02.19"]
[Round "9"]
[White "Kaufeld,J"]
[Black "Le Quang,K"]
[Result "1/2-1/2"]
[WhiteElo "2261"]
[BlackElo "2328"]

1.Nf3 Nf6 2.d4 g6 3.c4 Bg7 4.g3 O-O 5.Bg2 d6 6.O-O Nbd7 7.Qc2 e5 8.Rd1 Re8
9.e4 exd4 10.Nxd4 a6 11.Nc3 Ne5 12.c5 Bd7 13.cxd6 cxd6 14.h3 h6 15.f4 Nc4
16.b3 Na5 17.Be3 Rc8 18.Rac1 Nd5 19.Nxd5 Rxc2 20.Rxc2 Nc6 21.Ne2 Be6 22.Rcd2 Qb8
23.Bb6 Bxd5 24.Rxd5 Bf8 25.h4 Qc8 26.h5 Nb4 27.R5d2 Qc6 28.Bf2 Qb5 29.hxg6 fxg6
30.Bf3 Qa5 31.a4 Qc7 32.Rc1 Qf7 33.Nd4 a5 34.Kg2 Kh7 35.Rc4 Na6 36.Nb5 Nc5
37.Nxd6 Bxd6 38.Rxd6 Nxb3  1/2-1/2

[Event "1st ONGC Cup"]
[Site "Hyderabad IND"]
[Date "2006.02.28"]
[Round "4"]
[White "Kotsur,P"]
[Black "Kamble,V"]
[Result "1/2-1/2"]
[WhiteElo "2570"]
[BlackElo "2403"]

1.c4 g6 2.d4 Nf6 3.Nf3 Bg7 4.g3 O-O 5.Bg2 d6 6.O-O Nbd7 7.Nc3 e5 8.e4 exd4
9.Nxd4 Re8 10.Re1 a6 11.h3 Rb8 12.a4 Ne5 13.b3 Bd7 14.Be3 Qc8 15.f4 Nc6 16.Kh2 Nxd4
17.Bxd4 c5 18.Bxf6 Bxf6 19.e5 dxe5 20.Nd5 Bg7 21.fxe5 Bc6 22.Ra2  1/2-1/2

[Event "ch-LAT"]
[Site "Riga LAT"]
[Date "2006.03.03"]
[Round "6"]
[White "Kengis,E"]
[Black "Antoms,G"]
[Result "1-0"]
[WhiteElo "2531"]
[BlackElo "2436"]

1.Nf3 Nf6 2.c4 g6 3.d4 Bg7 4.g3 O-O 5.Bg2 d6 6.O-O Nc6 7.Nc3 a6 8.d5 Na5
9.b3 Rb8 10.Bb2 c5 11.dxc6 bxc6 12.Qc1 Qc7 13.Rd1 Rd8 14.c5 dxc5 15.Rxd8+ Qxd8
16.Na4 c4 17.Be5 Rb5 18.bxc4 Rb4 19.Nb2 Ne4 20.Bxg7 Kxg7 21.Qe3 Rxb2 22.Qxe4 Qd6
23.h4 f6 24.Rc1 c5 25.h5 Bb7 26.Qg4 Bxf3 27.Bxf3 Nc6 28.Bxc6 Qxc6 29.a3 Ra2
30.e4 Rd2 31.hxg6 hxg6 32.e5 fxe5 33.Qg5 Re2 34.Qxe7+ Kh6 35.Qh4+ Kg7 36.Qe7+ Kh6
37.Qf8+ Kg5 38.Qd8+ Qf6 39.f4+ exf4 40.gxf4+ Kf5 41.Qd3+ Re4  1-0

[Event "XXII Open"]
[Site "Reykjavik ISL"]
[Date "2006.03.06"]
[Round "1"]
[White "Danielsen,Hen"]
[Black "Hagesaether,E"]
[Result "1-0"]
[WhiteElo "2520"]
[BlackElo "2202"]

1.Nf3 g6 2.d4 Bg7 3.c4 Nf6 4.g3 O-O 5.Bg2 d6 6.Nc3 Nbd7 7.O-O e5 8.e4 Re8
9.h3 exd4 10.Nxd4 Nc5 11.Re1 c6 12.Rb1 a5 13.b3 Qc7 14.Bf4 Nh5 15.Be3 Bd7
16.Kh2 Nf6 17.Qc2 Rad8 18.Rbd1 Bc8 19.f4 h5 20.Bg1 Ne6 21.Nf3 d5 22.e5 Nh7
23.cxd5 cxd5 24.Qd2 h4 25.Nxd5 hxg3+ 26.Kxg3 Qb8 27.Qxa5 b5 28.Ne7+ Rxe7
29.Rxd8+ Nxd8 30.Qxd8+ Bf8 31.Rc1  1-0

[Event "XXII Open"]
[Site "Reykjavik ISL"]
[Date "2006.03.10"]
[Round "5"]
[White "Stefansson,H"]
[Black "Pavlovic,Milo"]
[Result "1/2-1/2"]
[WhiteElo "2585"]
[BlackElo "2494"]

1.d4 Nf6 2.c4 g6 3.Nf3 Bg7 4.g3 O-O 5.Bg2 d6 6.O-O Nbd7 7.Nc3 e5 8.e4 exd4
9.Nxd4 Re8 10.h3 Nc5 11.Re1 Bd7 12.Bf4 h6 13.b4 Ne6 14.Nxe6 Bxe6 15.Nd5 Nd7
16.Rc1 Ne5 17.Qe2 c6 18.Ne3 Qb6 19.Rb1 a5 20.b5 Qc5 21.Rec1 Qa3 22.Rc2 Rac8
23.Rb3 Qc5 24.Qd2 a4 25.Rb4 a3 26.Rb3 Red8 27.Qc1 cxb5 28.Rxb5 Qd4 29.Bxe5 dxe5
30.Rxb7 Bf8 31.Nd5 Rb8 32.Rxb8 Rxb8 33.c5 Rc8 34.c6 f5 35.Rc4 Qb2 36.exf5 gxf5
37.c7 e4 38.Qd1 Qe5 39.Rd4 Bc5 40.Rd2 Kg7 41.Qc1 Bxf2+ 42.Kxf2 Bxd5 43.Qc5 Rxc7
44.Qxd5 Qxd5 45.Rxd5 Rc2+ 46.Kg1 Rxa2 47.Ra5 e3 48.Bf3 Rf2 49.Bd5 Rd2 50.Bb3 Rb2
51.Bc4 Rc2 52.Ra4 a2 53.Rxa2 Rxc4 54.Re2  1/2-1/2

[Event "Victor Ciocaltea Mem"]
[Site "Bucharest ROM"]
[Date "2006.03.12"]
[Round "5"]
[White "Barnaure,V"]
[Black "Carmaciu,L"]
[Result "1/2-1/2"]
[WhiteElo "2416"]
[BlackElo "2400"]

1.d4 Nf6 2.Nf3 g6 3.g3 Bg7 4.Bg2 O-O 5.c4 d6 6.Nc3 c5 7.O-O Nc6 8.dxc5 dxc5
9.Be3 Qa5 10.Qb3 Ng4 11.Bd2 Nd4 12.Nxd4 cxd4 13.Qb5 Qd8 14.Nd5 e6 15.Ba5 Qd7
16.Nf4 Ne5 17.Nd3 Nc6 18.Bd2 Qc7 19.Rac1 a6 20.Qb3 Re8 21.f4 Rb8 22.Qc2 b6
23.b3 Bb7 24.Rce1 Red8 25.Bf3 Ne7 26.Kg2 Bxf3+ 27.exf3 Nc6 28.Re2 Rbc8 29.Rfe1 Nb8
30.b4 b5 31.c5 Qd7 32.Qb3 Re8 33.Ra1  1/2-1/2

[Event "ch-BLR"]
[Site "Minsk BLR"]
[Date "2006.03.12"]
[Round "9"]
[White "Maiorov,N"]
[Black "Dydyshko,V"]
[Result "0-1"]
[WhiteElo "2490"]
[BlackElo "2547"]

1.d4 Nf6 2.c4 g6 3.Nf3 Bg7 4.g3 O-O 5.Bg2 d6 6.O-O Nbd7 7.Qc2 e5 8.Rd1 Qe7
9.e4 Re8 10.Nc3 c6 11.Be3 exd4 12.Nxd4 a6 13.b3 Rb8 14.a4 a5 15.Rab1 Ng4
16.Bf4 Nge5 17.h3 Nc5 18.Be3 h5 19.f4 Ned7 20.Bf2 Na6 21.Qd2 Ndc5 22.Nde2 Bf8
23.Nd4 Bd7 24.Re1 Bg7 25.Nc2 Rbd8 26.Kh2 Bc8 27.Bd4 Bxd4 28.Qxd4 h4 29.Qd2 Qf6
30.Re3 Kg7 31.Nd4 Rh8 32.Rf1 hxg3+ 33.Rxg3 Rde8 34.f5 g5 35.Ne6+ Bxe6 36.fxe6 Qxe6
37.Qxg5+ Kf8 38.Rf6 Qe5 39.Rf5 Qe6 40.Rf6 Qe5 41.Qg6 Ke7 42.Rxf7+ Kd8 43.Rf5 Qe6
44.Rf6 Qe5 45.Qf5 Kc7 46.Qxe5 dxe5 47.Nd1 Ne6 48.Ne3 Nac5 49.Ng4 Nd4 50.Rf7+ Kb6
51.Nf6 Rd8 52.Rg6 Ndxb3 53.Nd5+ Ka7 54.Rxc6 Rhf8 55.Rfc7 Nxa4 56.Re6 Rf2
57.Rxe5 Rg8 58.Ne3 Kb6 59.Rce7 Nac5 60.Ng4 Re2 61.Rf5 a4 62.Rf6+ Ka5 63.Ref7 a3
64.Rf2 a2 65.Rxe2 a1=Q 66.e5 Qd1 67.Bf3 Qd3 68.Rf2 Rh8 69.Kg2 Nd4 70.Rf4 Nce6
71.Rf7 Nxf3 72.R7xf3 Qxc4 73.Rb2 b5 74.Ra3+ Kb6 75.Rba2 Nc5 76.Rf2 Qd5+ 77.Kh2 b4
78.Re3 Rc8 79.Rfe2 Rc6 80.Nf6 Qc4 81.Ne4 Ne6 82.Nd6 Qf4+ 83.Kg2 Rc3 84.Rxc3 bxc3
85.Ne4 c2  0-1

[Event "XXII Open"]
[Site "Reykjavik ISL"]
[Date "2006.03.12"]
[Round "7"]
[White "Thorsteinsdottir,G"]
[Black "Kristjansson,A"]
[Result "1-0"]
[WhiteElo "2147"]
[BlackElo "1922"]

1.d4 Nf6 2.Nf3 g6 3.c4 Bg7 4.g3 O-O 5.Bg2 d6 6.Nc3 Nc6 7.O-O a6 8.Re1 Rb8
9.d5 Na5 10.Qd3 c5 11.Rb1 b5 12.b3 bxc4 13.bxc4 Rxb1 14.Nxb1 Qb6 15.Bd2 Bf5
16.e4 Nxe4 17.Rxe4 Bxe4 18.Qxe4 Nxc4 19.Bc3 Rb8 20.Qxc4 Qxb1+ 21.Be1 Rb4
22.Qxa6 Bc3 23.Qf1 Bxe1 24.Qxe1 Qxa2 25.Qxe7 Qxd5 26.h4 h6 27.Qe3 Qd1+ 28.Kh2 Kg7
29.Qc3+ Kh7 30.Qf6 Kg8 31.h5 Qd3 32.Nh4 Qd4 33.Qd8+ Kh7 34.hxg6+ fxg6 35.Qe7+ Qg7
36.Qxd6 Rc4 37.Bd5 Rc2 38.Kg2 Re2 39.Qxc5 Re5 40.Qd6 Re8 41.Qc6 Re5 42.Be4 Rg5
43.Kh3 Qa1 44.Bxg6+ Rxg6 45.Qxg6+ Kh8 46.Qxh6+ Kg8 47.Qe6+ Kh7 48.Qf7+  1-0

[Event "ch-BLR"]
[Site "Minsk BLR"]
[Date "2006.03.16"]
[Round "13"]
[White "Maiorov,N"]
[Black "Kovalev,An"]
[Result "1/2-1/2"]
[WhiteElo "2490"]
[BlackElo "2538"]

1.d4 Nf6 2.c4 g6 3.Nf3 Bg7 4.g3 O-O 5.Bg2 d6 6.O-O a6 7.Nc3 Nc6 8.b3 Rb8
9.Nd5 Nh5 10.Bb2 e6 11.Ne3 f5 12.Qd2 f4 13.Nc2 b5 14.Bc3 bxc4 15.bxc4 Ne7
16.Rab1 Bd7 17.Rfd1 h6 18.Nfe1 g5 19.Nd3 Qe8 20.Ncb4 Bc8 21.c5 Qf7 22.Nd5 Rxb1
23.Nxe7+ Qxe7 24.Rxb1 Nf6 25.cxd6 cxd6 26.gxf4 Nd5 27.fxg5 hxg5 28.e3 Bb7
29.Ba5 Ba8 30.Qe2 Qf7 31.Rb3 Bc6 32.Be1 Ba4 33.Rb1 Bb5 34.Qc2 Qg6 35.Rd1 Qe8
36.Rc1 Ba4 37.Qd2 Qh5 38.Nb4 Nf6 39.Nxa6 Ng4 40.h3 Nh6 41.Qb4 Bd1 42.Qxd6 Qe2
43.Qb4 Qh5 44.Qc4 Kh8 45.Nc5 Bf3 46.Nxe6 Bxg2 47.Kxg2 g4 48.hxg4 Qxg4+ 49.Kf1 Nf5
50.Nxf8 Qf3 51.Ng6+ Kh7 52.Qc6 Nxe3+ 53.Kg1 Qg4+ 54.Kh2 Qh5+ 55.Kg1 Qg4+
56.Kh2 Qh5+  1/2-1/2

[Event "Pius Brinzeu Mem"]
[Site "Timisoara ROM"]
[Date "2006.03.18"]
[Round "1"]
[White "Rogozenko,D"]
[Black "Dragomirescu,R"]
[Result "1-0"]
[WhiteElo "2532"]
[BlackElo "2066"]

1.d4 Nf6 2.c4 g6 3.g3 Bg7 4.Bg2 O-O 5.Nf3 d6 6.O-O Nbd7 7.Nc3 e5 8.e4 exd4
9.Nxd4 Re8 10.h3 c6 11.Be3 a5 12.Qc2 Qc7 13.Rad1 Nc5 14.Rfe1 Nfd7 15.f4 Ne6
16.Qd2 Nxd4 17.Bxd4 Bf8 18.Na4 Nc5 19.Nxc5 dxc5 20.Bf6 Be6 21.Qc3 Be7 22.Be5 Qb6
23.f5 Bc8 24.Bh8 Bf8 25.Bf6 Qc7 26.g4 a4 27.Re2 gxf5 28.gxf5 h6 29.Bf3 Kh7
30.Rg2 Qa5 31.Qc2 a3 32.b3 Qc7 33.Qc3  1-0

[Event "TCh-HUN 2005-6"]
[Site "Hungary HUN"]
[Date "2006.03.19"]
[Round "9"]
[White "Kiss,At"]
[Black "Farkas,Ti"]
[Result "1-0"]
[WhiteElo "2412"]
[BlackElo "2334"]

1.Nf3 Nf6 2.c4 g6 3.d4 Bg7 4.g3 O-O 5.Bg2 d6 6.O-O Nbd7 7.Nc3 a6 8.h3 c6
9.e4 e5 10.Be3 b5 11.c5 Ne8 12.cxd6 Nxd6 13.Nxe5 Nxe5 14.dxe5 Nc4 15.Bc5 Re8
16.Qc2 Nxe5 17.f4 Nd7 18.Rad1 Qc7 19.Bd6 Qb6+ 20.Kh2 Bb7 21.e5 Rac8 22.Rd2 a5
23.Rfd1 Nc5 24.Bxc5 Qxc5 25.Ne4 Qxc2 26.Rxc2 Red8 27.Rxd8+ Rxd8 28.Nd6 Rd7
29.Bxc6 Bxc6 30.Rxc6 Bf8 31.Rc8 b4 32.Kg2 h5 33.Kf3 Re7 34.Ke4 f6 35.Kd5 fxe5
36.fxe5 Kg7 37.b3 Ra7 38.Rc7+ Rxc7 39.Ne8+ Kf7 40.Nxc7 Ke7 41.Ne6 Bh6 42.Nd4  1-0

[Event "Sozina Open"]
[Site "Bar SCG"]
[Date "2006.03.20"]
[Round "3"]
[White "Bogosavljevic,B"]
[Black "Tratar,M"]
[Result "0-1"]
[WhiteElo "2321"]
[BlackElo "2466"]

1.Nf3 d6 2.d4 Nf6 3.c4 g6 4.g3 Bg7 5.Bg2 O-O 6.O-O c6 7.Nc3 Bf5 8.b3 Ne4
9.Bb2 Nxc3 10.Bxc3 Be4 11.Qd2 Nd7 12.Qf4 Nf6 13.Rac1 a5 14.Rfd1 Re8 15.d5 cxd5
16.Bxf6 exf6 17.cxd5 f5 18.Bh3 Qb6 19.Ng5 a4 20.b4 h6 21.Nxe4 Rxe4 22.Qf3 Rxb4
23.Qd3 Rb2 24.Rc2 Rxc2 25.Qxc2 Qb2 26.Qc4 b5 27.Qc6 Rd8 28.e3 a3 29.Bf1 Qxa2
30.Qxb5 Qc2 31.Qa5 Qxd1 32.Qxd8+ Kh7 33.Qa5 Qb3  0-1

[Event "ch-Moscow Prelim KO"]
[Site "Moscow RUS"]
[Date "2006.03.20"]
[Round "1.2"]
[White "Potkin,V"]
[Black "Kurenkov,N"]
[Result "1-0"]
[WhiteElo "2557"]
[BlackElo "2443"]

1.d4 Nf6 2.c4 d6 3.Nf3 g6 4.g3 Bg7 5.Bg2 O-O 6.O-O Nc6 7.Nc3 a6 8.d5 Na5
9.Nd2 c5 10.Rb1 Rb8 11.b3 b5 12.Bb2 bxc4 13.bxc4 Bh6 14.Ba1 Rb4 15.Rxb4 cxb4
16.Nce4 Ne8 17.Nf3 Qc7 18.Qa4 Nxc4 19.Qxb4 Bb7 20.Rd1 Ba8 21.Neg5 a5 22.Qb3 Nb6
23.e4 Nf6 24.h4 Rb8 25.Qc3 Qa7 26.Nd4 Rc8 27.Nc6 Bxc6 28.dxc6 Bg7 29.Qb3 e6
30.Bd4 Rxc6 31.Bxf6 Bxf6 32.e5 d5 33.exf6 Qc7 34.Qa3 Rc5 35.Re1 h6 36.Rxe6 hxg5
37.Re8+ Kh7 38.Re7 Rc1+ 39.Kh2 Qc5 40.Rxf7+ Kh6 41.hxg5+ Kxg5 42.f4+ Kh6
43.Qxc5 Rxc5 44.Rf8 Kh7 45.Rb8  1-0